| 000 | 01876cam a2200301 a 4500 | ||
|---|---|---|---|
| 001 | 6324204 | ||
| 003 | ARRUPE | ||
| 005 | 20150904110329.0 | ||
| 008 | 071026s2007 enka b 001 0 eng d | ||
| 020 | _a9780281059683 | ||
| 020 | _a0281059683 | ||
| 035 | _a(OCoLC)ocn166388783 | ||
| 035 | _a(OCoLC)166388783 | ||
| 035 | _a(NNC)6324204 | ||
| 040 |
_aBTCTA _cBTCTA _dBWE |
||
| 050 | 1 |
_aBX4805.3 _b.M34 2007b |
|
| 100 | 1 |
_aMcGrath, Alister E., _d1953- _99856 |
|
| 245 | 1 | 0 |
_aChristianity's dangerous idea : _bthe Protestant revolution-- a history from the sixteenth century to the twenty-first / _cAlister McGrath. |
| 260 |
_aLondon : _bSPCK, _cc2007. |
||
| 300 |
_aviii, 552 p. : _bill. ; _c23 cm. |
||
| 500 | _aFirst published in the USA in 2007 by HarperCollins, New York--Cf. t.p. verso. | ||
| 504 | _aIncludes bibliographical references (p. 479-527) and index. | ||
| 505 | 0 | _aThe gathering storm -- The accidental revolutionary : Martin Luther -- Alternatives to Luther : the diversification of the Reformation -- The shift in power : Calvin and Geneva -- England : the emergence of Anglicanism -- War, peace, and disinterest : European Protestantism in crisis, 1560-1800 -- Protestantism in America -- The nineteenth century : the global expansion of Protestantism -- The Bible and Protestantism -- Believing and belonging : some distinctive protestant beliefs -- The structures of faith : organization, worship, and preaching -- Protestantism and the shaping of western culture -- Protestantism, the arts, and the natural sciences -- The changing shape of American Protestantism -- Tongues of fire : the Pentecostal revolution in Protestantism -- The new frontiers of Protestantism : the global South -- Protestantism : the next generation. | |
| 650 | 0 |
_aApologetics _919285 |
|
| 942 |
_2lcc _cMONOGRAPH |
||
| 948 | 1 |
_a20071212 _bc _csds12 _dMPS |
|
| 999 |
_c123223 _d123223 |
||